Pokédex Einträge (Gen1) - 2 - Statistiken

Allgemein
  • Dieses Quiz wurde 38 mal gespielt
  • Das Durchschnittsergebnis liegt bei 9 aus 15
Antwortstatistiken
Frage Antwort % Korrekt
Sobald die Knospe auf seinem Rücken aufgeht, kann ... nicht mehr auf zwei Beinen stehen. Bisaknosp
100%
Ein schwer zu fangendes, seltenes Pokémon. Es bereitet seinem Fänger sehr viel Freude. Chaneira
100%
Dieses Pokémon ist sehr klein, verfügt aber über starke Gifte. Das Weibchen hat kleinere Hörner. Nidoran♀
100%
... besteht komplett aus Computerdaten. Es kann sich frei in virtuellen Welten bewegen. Porygon
100%
Ein kleines, sehr wendiges und bissiges Pokémon, welches in vielen Gegenden heimisch ist. Rattfratz
100%
Niemand weiß, wie ... ohne Schale aussieht. Zur Verteidigung attackiert es mit den Hörnern. Austos
50%
Ein gigantisches, sehr kraftvolles Pokémon. Es ist fähig, ganze Städte zu zerstören. Garados
50%
Mit seinen riesigen Flügeln kann dieses Pokémon nahezu pausenlos in der Luft bleiben. Ibitak
50%
Dieses Pokémon kann sich dank seines orangefarbenen Körpers perfekt im Feuer verstecken. Magmar
50%
Dieses Pokémon besteht aus einem Wirt und einem Parasiten. Es bevorzugt feuchte Umgebungen. Parasek
50%
Dieses Pokémon kann im Wasser und auch an Land leben. An Land schwitzt es sich den Körper nass. Quaputzi
50%
Dieses Pokémon kann rückwärts schwimmen, indem es Flügel und Schwanz als Flossen einsetzt. Seemon
50%
Dieses Pokémon lebt vorwiegend in schmutzigen Gebieten und ernährt sich von Industrieabfällen. Sleima
50%
Man findet dieses Pokémon meist an Küstengewässern. Viele verwechseln es mit Kappa, einem Monster. Entoron
0%
Da der Panzer dieses Pokémon sehr weich ist, bietet er keinen großen Schutz vor Attacken. Safcon
0%
Keine übereinstimmenden Quizze gefunden
Verteilung der Resultate
Anzahl Personen mit jedem Resultat
Perzentil nach korrekt beantworteten Fragen
Ihre Resultats-Entwicklung
Sie haben dieses Quiz noch nicht gespielt